đŸŽ¶ Paroles "Rosa" Pascal Obispo - Statistiques

Statistiques générales
  • Ce quiz a Ă©tĂ© pris 18 fois
  • Le rĂ©sultat moyen est 253 sur 313
Statistiques - réponses
Mots % Correct
a
100%
Ă 
100%
A
100%
aprĂšs
100%
as
100%
C'
100%
c'
100%
ce
100%
d'
100%
dans
100%
De
100%
es
100%
est
100%
Et
100%
fait
100%
l'
100%
la
100%
lĂ ,
100%
lĂ 
100%
le
100%
pas
100%
premier
100%
rien
100%
Rosa,
100%
Rosa
100%
T'
100%
t'
100%
ta
100%
toi
100%
Tu
100%
tu
100%
eu
88%
jour-
88%
jour
88%
Mais
88%
n'
88%
N'
88%
on
88%
ou
88%
Qu'
88%
qu'
88%
que
88%
tout ?
88%
un
88%
Un
88%
avais
75%
ça
75%
demandé
75%
en
75%
était
75%
Il
75%
il
75%
Les
75%
place
75%
plus
75%
Pour
75%
y
75%
Avec
63%
Blanc
63%
bus
63%
courage
63%
non
63%
non,
63%
NON
63%
Parce
63%
premiĂšre
63%
Quand
63%
Qui
63%
qui
63%
se
63%
Se
63%
Si
63%
sur
63%
tombé
63%
ton
63%
une
63%
assise
50%
avoir
50%
dire
50%
du
50%
Mandela
50%
Noire
50%
nom,
50%
ont
50%
osé
50%
ouvrir
50%
peur
50%
Sans
50%
toujours
50%
voie
50%
voulait
50%
ceux
38%
déborder
38%
Enfin,
38%
enfin,
38%
face
38%
pire
38%
regarder
38%
routes
38%
tĂȘte
38%
Vous
38%
voyais
38%
crever
25%
dégoute,
25%
faites
25%
fierté
25%
fond
25%
genoux
25%
goutte
25%
Histoire
25%
obéir
25%
osas
25%
puis
25%
respirer
25%
retenu
25%
rĂȘver
25%
risque,
25%
Simplement
25%
soulager
25%
tenir
25%
vase,
25%
vase
25%
voir
25%
enfonce
13%
Aucun quiz correspondant
Distribution des résultats
% des personnes avec chaque résultat
Percentile par nombre de réponses
Votre historique - résultats
Vous n’avez pas pris ce quiz